00401pab a2200133 454500008004000000100002000040245009800060260000900158300001500167362001100182650002400193650001600217773003400233180718b2015 xxu||||| |||| 00| 0 eng d aLevien, Michael aFrom primitive accumulation to regimes of dispossession: six theses on India's land question  c2015 ap.146-157. a30 May aland tenure - India aLand tenure aEconomic and Political Weekly